00790nam a2200205 i 4500003000900000005001700009007000300026008004100029040003000070041000800100082001700108245005400125264006000179300002700239336002700266337003400293338002800327490004200355500018700397DO-SdBNP20260204121816.0ta260204b1977 dr ||||| |||| 00| 0 spa d aDO-SdBNPbspacBNPHUerda aspa 4axxxbxxx22203aLa universidad, el pueblo y la lucha presupuestal 1aSanto Domingo, R.D. :bPublicaciones de la Uasd,c1977. a15 páginas ;c21 cm. atextobtxt2rdacontent asin mediación bn2rdamedia avolumenbnc2rdacarrier1 aColección UASD Crítica No.20v239 aDiscurso pronunciado por el doctor Guarocuya Batista del Villar, rector de la Universidad Autónoma de Santo Domingo, en la investidura ordinaria celebrada el 25 de febrero de 1977.